| 000 | 00472nam a2200157 a 4500 | ||
|---|---|---|---|
| 001 | 000029968 | ||
| 005 | 20200930055940.0 | ||
| 008 | 110428s1988 dr a 000 0 spa d | ||
| 040 |
_aDO-SdBNP _bspa _cBNPHU |
||
| 082 |
_axxx _bR337 |
||
| 245 | 0 | 0 | _aReglas oficiales mini basket. |
| 260 |
_aSanto Domingo, : _bSecretaría de Estado de Deportes, educación Física y Recreación, _c1988. |
||
| 300 |
_a43 p. : _bil. ; _c21 cm. |
||
| 500 | _aPortada en ingles | ||
| 049 | _aBNPD | ||
| 999 |
_c29460 _d29460 |
||